Bharat Darshan (Record no. 94578)

MARC details
000 -LEADER
fixed length control field 00561nam a22001697a 4500
005 - DATE AND TIME OF LATEST TRANSACTION
control field 20150630160426.0
007 - PHYSICAL DESCRIPTION FIXED FIELD--GENERAL INFORMATION
fixed length control field dvd
008 - FIXED-LENGTH DATA ELEMENTS--GENERAL INFORMATION
fixed length control field 150630b xxu||||| |||| 00| 0 eng d
010 ## - LIBRARY OF CONGRESS CONTROL NUMBER
LC control number DVD-008450-52
024 ## - OTHER STANDARD IDENTIFIER
Terms of availability 150.00
245 ## - TITLE STATEMENT
Title Bharat Darshan
260 ## - PUBLICATION, DISTRIBUTION, ETC. (IMPRINT)
Place of publication, distribution, etc Mumbai
Name of publisher, distributor, etc Children's film society
270 ## - ADDRESS
Address Film Division Complex,24.Dr. G. Deshmukh Marg.Mumbai
300 ## - PHYSICAL DESCRIPTION
Extent 1 dics(dvd)
942 ## - ADDED ENTRY ELEMENTS (KOHA)
Source of classification or shelving scheme Dewey Decimal Classification
Item type CD-ROMs, DVDs, VHS
Holdings
Withdrawn status Lost status Source of classification or shelving scheme Damaged status Not for loan Home library Current library Date acquired Source of acquisition Cost, normal purchase price Total Checkouts Barcode Date last seen Copy number Cost, replacement price Price effective from Koha item type Date last borrowed
    Dewey Decimal Classification     Karol Bagh Karol Bagh 21/07/2015 Children's film society 150.00 1 DVD-008451 05/02/2016 1 150.00 21/07/2015 CD-ROMs, DVDs, VHS 03/02/2016
    Dewey Decimal Classification     Patel Nagar Patel Nagar 21/07/2015 Children's film society 150.00   DVD-008452 21/07/2015 1 150.00 21/07/2015 CD-ROMs, DVDs, VHS  
    Dewey Decimal Classification     Shahdara Branch Shahdara Branch 21/07/2015 Children's film society 150.00   DVD-008450 21/07/2015 1 150.00 21/07/2015 CD-ROMs, DVDs, VHS  

© Delhi Public Library
Hit Counter
free hit counter